00501nam a22001817a 450000500170000001000150001702000260003203500140005803700130007208200120008510000150009724500370011225000090014926000450015827000400020330000250024350000510026820200221112819.0 aENG-127930 a9788194452812c795.00 aEN-111462 bDBAD/PUB a821.092 aAsha Kiran aGoswami Tulsidas/cby Asha Kiran a2019 aNew DelhibSKY Books Internationalc2019 a1/1079E,MehraulibNew Delhie110030 aviii;184p.c22cm(hb) aincludes bibliographical references and index